01692nam a2200325 a 450000100100000000500170001000800410002704000250006808200200009310000430011324500760015626000360023230000210026849000270028950400730031650400330038959000260042265000630044865000620051165000310057365000350060483000340063991000420067395201320071595201320084795201320097995201170111195201230122899900150135100000899420240412074208.0090922s1984 dr r 000 p spa d aDO-SdBNPbspacBNPHU aRD861.09bC659e1 aCocco-DeFilippis, Daisy,d1949-92360210aEstudios semióticos de poesía dominicana /cDaisy Cocco-DeFilippis. aSanto Domingo :bTaller,c1984. a174 p. ;c24 cm.1 aBiblioteca Tallerv178 aIncluye referencias bibliográficas y notas al pie de las páginas aBibliografía : p. 165-172. aInventariado, 2018/BT 4aPoesía dominicanaySIGLO XXxHistoria y crítica923569 4aPoetas dominicanosySIGLO XXxHistoria y crítica923603 0aLiteratura dominicana.967 4aSemiótica y literatura98100 0aBiblioteca Tallern178923604 aValidado. Control de calidad. MMOLINA 001054708DSaGRbGRcHDd2009-09-22iLF1l0oRD861.09 C659ep8994-30r2020-06-25te. 3w2020-06-25yLFDSZPréstamo en sala 001054708DSaGRbGRcHDd2009-09-22iLF1l0oRD861.09 C659ep8994-40r2020-06-25te. 4w2020-06-25yLFDSZPréstamo en sala 001054708DSaGRbGRcHDd2009-09-22iLF1l0oRD861.09 C659ep8994-50r2020-06-25te. 5w2020-06-25yLFDSZPréstamo en sala 0010718PDaPDbPDcHDd2009-09-22iLF1l0oRD861.09 C659ep8994-10r2020-06-25w2020-06-25yLFPDZNo se presta 0010718PDaPDbPDcHDd2009-09-22iLF1l0oRD861.09 C659ep8994-20r2020-06-25te. 2w2020-06-25yLFPDZNo se presta c8758d8758